000 00382nam a2200145Ia 4500
008 241211s9999||||xx |||||||||||||| ||und||
020 _a9789386668585
082 _a650
_bDOW/I
100 _aDowling,Peter J
245 0 _aInternational Human Resource Management
250 _a7th Edition
260 _aDelhi
_bCengage Learning India Pvt Ltd
_c2024
300 _a361p.
942 _cBK
999 _c47698
_d47698